Introduction to positive economics (Record no. 5640)

000 -LEADER
fixed length control field 00453nam a22001817a 4500
001 - CONTROL NUMBER
control field 5640
003 - CONTROL NUMBER IDENTIFIER
control field BD-DhUET
008 - FIXED-LENGTH DATA ELEMENTS--GENERAL INFORMATION
fixed length control field 141127b xxu||||| |||| 00| 0 eng d
040 ## - CATALOGING SOURCE
Transcribing agency 0
Modifying agency BD-DhUET
082 ## - DEWEY DECIMAL CLASSIFICATION NUMBER
Classification number 330
Item number LIP/1971
100 ## - MAIN ENTRY--PERSONAL NAME
Personal name Lipsey, Richard G.
245 ## - TITLE STATEMENT
Title Introduction to positive economics
250 ## - EDITION STATEMENT
Edition statement 3rd ed.
260 ## - PUBLICATION, DISTRIBUTION, ETC. (IMPRINT)
Name of publisher, distributor, etc. English Language Book
Place of publication, distribution, etc. Hampshire
Date of publication, distribution, etc. 1971
300 ## - PHYSICAL DESCRIPTION
Extent xx, 740 p.
Other physical details ill.
Dimensions 26 cm.
650 #0 - SUBJECT ADDED ENTRY--TOPICAL TERM
Topical term or geographic name as entry element Economics
942 ## - ADDED ENTRY ELEMENTS (KOHA)
Koha item type General Book
Holdings
Source of classification or shelving scheme Sublocation or collection (holding branch) Piece designation (barcode) Damaged status Not for loan Koha date last seen Location (home branch) Copy number Date acquired Koha normalized classification for sorting Koha collection Koha item type Shelving location Koha full call number Withdrawn status Price effective from Lost status
 Central Library, BUET23693  2014-11-27Central Library, BUET12014-11-27330LIP1971 General BookCirculation section330/LIP/1971 2014-11-27 
 Central Library, BUET23702  2014-11-27Central Library, BUET22014-11-27330LIP1971 General BookCirculation section330/LIP/1971 2014-11-27 
 Central Library, BUET23689  2015-01-27Central Library, BUET32015-01-27330_000000000000000_LIP_1971 General BookCirculation section330/LIP/1971 2015-01-27 
 Central Library, BUET23684  2015-01-27Central Library, BUET42015-01-27330_000000000000000_LIP_1971 General BookCirculation section330/LIP/1971 2015-01-27 
 Central Library, BUET23710  2015-01-27Central Library, BUET52015-01-27330_000000000000000_LIP_1971 General BookCirculation section330/LIP/1971 2015-01-27 
 Central Library, BUET23713  2015-01-27Central Library, BUET62015-01-27330_000000000000000_LIP_1971 General BookCirculation section330/LIP/1971 2015-01-27 
 Central Library, BUET23690  2015-01-27Central Library, BUET72015-01-27330_000000000000000_LIP_1971 General BookCataloging section330/LIP/1971 2015-01-27 
 Central Library, BUET23698  2015-01-27Central Library, BUET82015-01-27330_000000000000000_LIP_1971 General BookCirculation section330/LIP/1971 2015-01-27 
 Central Library, BUET23685  2015-01-27Central Library, BUET92015-01-27330_000000000000000_LIP_1971 General BookCirculation section330/LIP/1971 2015-01-27 
 Central Library, BUET23712  2015-01-27Central Library, BUET102015-01-27330_000000000000000_LIP_1971 General BookCirculation section330/LIP/1971 2015-01-27 
 Central Library, BUET23677  2015-01-28Central Library, BUET42015-01-28330_000000000000000_LIP_1971Non FictionGeneral BookCirculation section330/LIP/1971 2015-01-28 
 Central Library, BUET23706  2015-01-28Central Library, BUET302015-01-28330_000000000000000_LIP_1971Non FictionGeneral BookCirculation section330/LIP/1971 2015-01-28 
 Central Library, BUET23705  2015-01-28Central Library, BUET292015-01-28330_000000000000000_LIP_1971Non FictionGeneral BookCirculation section330/LIP/1971 2015-01-28 
 Central Library, BUET23680  2015-01-28Central Library, BUET162015-01-28330_000000000000000_LIP_1971Non FictionGeneral BookCirculation section330/LIP/1971 2015-01-28 
 Central Library, BUET23691  2015-04-20Central Library, BUET152015-04-20330_000000000000000_LIP_1971 General BookCirculation section330/LIP/1971 2015-04-20